Central Library OPAC University of Rajshahi

اردو کی عشقیہ شاعری ;; Urdu ki ashqiya shaari / (Record no. 85710)

MARC details
000 -LEADER
fixed length control field 00589nam a2200193 4500
001 - CONTROL NUMBER
control field 85710
003 - CONTROL NUMBER IDENTIFIER
rucl marc code BD-RjUL
005 - DATE AND TIME OF LATEST TRANSACTION
control field 20250915111208.0
008 - FIXED-LENGTH DATA ELEMENTS--GENERAL INFORMATION
fixed length control field 250915s1966 pk ||||| |||| 00| 0 urd d
035 ## - SYSTEM CONTROL NUMBER
System control number (BD-RjUL)85710
040 ## - CATALOGING SOURCE
Original cataloging agency BD-RjUL
Language of cataloging eng
Transcribing agency BD-RjUL
041 ## - LANGUAGE CODE
Language code of text/sound track or separate title urd
082 ## - DEWEY DECIMAL CLASSIFICATION NUMBER
Edition number 23
Classification number 891.439109
Author mark and year GOU 1966
245 ## - TITLE STATEMENT
Title اردو کی عشقیہ شاعری ;; Urdu ki ashqiya shaari /
Statement of responsibility, etc. فراق گورکھپوری ;; faraq gorkhapori
260 ## - PUBLICATION, DISTRIBUTION, ETC. (IMPRINT)
Place of publication, distribution, etc. Karachi :
Name of publisher, distributor, etc. Maktubah i ajam wa amal,
Date of publication, distribution, etc. 1966
300 ## - PHYSICAL DESCRIPTION
Pagination 160 p. ;
Size 17 cm
650 ## - SUBJECT ADDED ENTRY--TOPICAL TERM
Topical term or geographic name as entry element Urdu Litrature
9 (RLIN) 4685
942 ## - ADDED ENTRY ELEMENTS (KOHA)
Source of classification or shelving scheme Dewey Decimal Classification
Koha item type Books
Holdings
Lost status Source of classification or shelving scheme Damaged status Not for loan Collection code Permanent Location Current Location Shelving location Date acquired Total Checkouts Full call number Date last seen Copy number Koha item type
  Dewey Decimal Classification   Not For Loan Non-fiction Central Library, University of Rajshahi Central Library, University of Rajshahi Reading Room 15/09/2025   U 891.439109 GOU 1966 15/09/2025 C-1 Books